| 000 | 00355nam a2200133Ia 4500 | ||
|---|---|---|---|
| 008 | 231017s9999 xx 000 0 und d | ||
| 082 | _a624.1 | ||
| 082 | _bSET | ||
| 245 | 0 | _aSettlement Analysis: Engineer Manual - 1110-1-1904 - September 1990 | |
| 245 | 0 | _cUS Army Corps of Engrs | |
| 260 | _bUS Army Corps of Engrs | ||
| 300 | _c30cm | ||
| 942 | _cREP | ||
| 999 |
_c604026 _d604026 |
||